Yüklüyor......

The unfinished : stone carvers at work on the Indian subcontinent /

Detaylı Bibliyografya
Asıl Yazarlar: Dehejia, Vidya, Rockwell, Peter (Yazar)
Diğer Yazarlar: Narula, Neelam (Editör)
Materyal Türü: Printed Book
Dil:English
Baskı/Yayın Bilgisi: New Delhi: Roli Books, 2016.
Konular:
LEADER 01292cam a2200325 i 4500
008 160812s2016 ii ab b 001 0 eng
999 |c 335371  |d 335371 
010 |a  2016330737 
020 |a 9789351941149 
025 |a I-E-2016330737; 58-91 
042 |a lcode 
043 |a a-ii--- 
082 |a 730 
100 1 |a Dehejia, Vidya. 
245 1 4 |a The unfinished :  |b stone carvers at work on the Indian subcontinent /  |c Vidya Dehejia and Peter Rockwell ; editors, Neelam Narula, Devaki Khanna. 
260 |a New Delhi:  |b Roli Books,  |c 2016. 
300 |a 280 pages :  |b color illustrations, color map ;  |c 29 cm 
504 |a Includes bibliographical references (pages 271-273) and index. 
650 0 |a Stone carving  |z India. 
650 0 |a Stone carving  |z India, South. 
650 0 |a Stone buildings  |z India. 
650 0 |a Stone buildings  |z India, South. 
650 0 |a Monuments  |z India. 
650 0 |a Monuments  |z India, South. 
700 1 |a Rockwell, Peter,  |e author. 
700 1 |a Narula, Neelam.  |e editor. 
942 |c BK 
906 |a 7  |b cbc  |c origode  |d 3  |e ncip  |f 20  |g y-gencatlg 
955 |c wd46 2016-09-24 to ASME  |u wd46 2018-07-07 to CALM 
952 |0 0  |1 0  |2 ddc  |4 0  |6 730_000000000000000_DEH_U  |7 0  |9 383823  |a DRA  |b DRA  |c ST1  |d 2019-05-17  |i 10546  |l 0  |o 730 DEH/U  |p DRA10546  |r 2019-05-17  |v 3500.00  |w 2019-05-17  |y TXT